000 02567nmm a2200301 a 4500
003 CO-CtgCURN
005 20250719164403.0
008 240624s2024 xx 000 0 und d
040 _aCO-CtgCURN
_bspa
_ccoctgcurn
082 _aDER 2024
_bE77
100 _aEspitia Mendrales, Maria Andrea
_eautora
_99912
245 0 _aGarantías fundamentales de salud y educación al sector social LGBTIQ+ en Colombia (Barreras del sector social transgénero)
_h[electronic resource] /
_cMaría Andrea Espitia Mendrales; Karina Patricia García Salazar; Leila Lucila Osorio Lara; David Barranco Hernández; asesor., Jorge Mejía Turizo
260 _aBarranquilla, Atlántico :
_bCorporación Universitaria Rafael Núñez,
_c2024
300 _a1 recurso en línea (42 páginas (PDF)) :
_bilustraciones
502 _aTrabajo de Grado (Abogado). Corporación Universitaria Rafael Núñez. Facultad de Ciencias Sociales y Humanas. Programa de Derecho, 2024
504 _aIncluye referencias bibliográficas
520 _aLa salud en el sector social LGTBIQ+ se enfrenta en gran proporción, enfrentando discriminaciones y vulneraciones de derecho. Esta investigación aborda la necesidad de identificar las diferentes perspectivas de la población LGBTIQ+ desde el ámbito social, educacional y la inclusión en políticas públicas. El reconocimiento de los derechos de esta comunidad ha evolucionado históricamente, y las prerrogativas existen en los países en que pertenecer a dicha población es un delito. La investigación se realiza en el Estado Colombiano, en la vulneración de los derechos humanos, y se realizará una descripción y caracterización de la percepción actual (2023) de las personas entre los 18 y 60 años que residen en Barranquilla. La población colombiana ha tenido progresos frente al reconocimiento de los derechos de las minorías, pero menos de la mitad de las personas defendería un agredido LGTBI.
521 _aAREA PROFESIONAL
590 _aPrograma de Derecho_18
650 _aDerecho
_vTesis y disertaciones académicas
_99913
700 _a Osorio Lara, Leila Lucila
_eautora
_99914
700 _aBarranco Hernández, David
_eautor
_99915
700 _aGarcía Salazar, Karina Patricia
_eautora
_99916
700 _aMejía Turizo, Jorge
_easesor
_99917
856 _uhttps://unicurn.sharepoint.com/:b:/s/biblioteca/ETx4Qld9ur9Ih0M4A2PJzb0BXeuitLIzggwWD8RpZkfHog?e=pwdALv
_yConsulte aquí el texto completo
942 _cTG
_hDER 2024
_iE77
_2ddc
_n0
999 _c715
_d715